书目信息 |
| 题名: |
解析几何 (第四版) 全程导学及习题全解
|
|
| 作者: | 任明明 , 张世金 主编 | |
| 分册: | ||
| 出版信息: | 北京 中国时代经济出版社 2007.09 |
|
| 页数: | 279页 | |
| 开本: | 21cm | |
| 丛书名: | 数学系列丛书 | |
| 单 册: | ||
| 中图分类: | O182 | |
| 科图分类: | ||
| 主题词: | 解析几何--jie xi ji he--高等学校--教学参考资料 | |
| 电子资源: | ||
| ISBN: | 978-7-80221-389-0 | |
| 000 | 01042nam 2200277 450 | |
| 001 | 012008857907 | |
| 005 | 20080115140537.10 | |
| 010 | @a978-7-80221-389-0@dCNY11.00 | |
| 100 | @a20080114d2007 em y0chiy0120 ea | |
| 101 | 0 | @achi |
| 102 | @aCN@b110000 | |
| 105 | @ay z 000yy | |
| 106 | @ar | |
| 200 | 1 | @a解析几何 (第四版) 全程导学及习题全解@Ajie xi ji he(di si ban)quan cheng dao xue ji xi ti quan jie@f任明明, 张世金主编@Fren ming ming,zhang shi jin zhu bian |
| 210 | @a北京@c中国时代经济出版社@d2007.09 | |
| 215 | @a279页@d21cm | |
| 225 | 2 | @a数学系列丛书@Ashu xue xi lie cong shu |
| 300 | @a21世纪高等院校经典教材同步辅导 | |
| 330 | @a本书每章都总结了本章的重点内容,并有一些典型例题分析和教材中所有习题的解答。主要内容有:向量与坐标,轨迹与方程等。 | |
| 410 | 0 | @12001 @a数学系列丛书 |
| 606 | 0 | @a解析几何@Ajie xi ji he@x高等学校@j教学参考资料 |
| 690 | @aO182@v4 | |
| 701 | 0 | @a任明明@Aren ming ming@4主编 |
| 701 | 0 | @a张世金@Azhang shi jin@4主编 |
| 801 | 0 | @aCN@bQSSK@c20080115 |
| 905 | @b278848-50@dO182@eR514@f3 | |
| 解析几何 (第四版) 全程导学及习题全解/任明明, 张世金主编.-北京:中国时代经济出版社,2007.09 |
| 279页;21cm.-(数学系列丛书) |
| 21世纪高等院校经典教材同步辅导 |
| ISBN 978-7-80221-389-0:CNY11.00 |
| 本书每章都总结了本章的重点内容,并有一些典型例题分析和教材中所有习题的解答。主要内容有:向量与坐标,轨迹与方程等。 |
| ● |
| 相关链接 |
|
|
|
正题名:解析几何 (第四版) 全程导学及习题全解
索取号:O182/R514
 
预约/预借
| 序号 | 登录号 | 条形码 | 馆藏地/架位号 | 状态 | 备注 |
| 1 | 278848 | 202788484 | 自科库401/401自科库 75排1列2层/ [索取号:O182/R514] | 在馆 | |
| 2 | 278849 | 202788493 | 自科库401/401自科库 75排1列2层/ [索取号:O182/R514] | 在馆 | |
| 3 | 278850 | 202788509 | 自科库401/401自科库 75排1列2层/ [索取号:O182/R514] | 在馆 |